00414 a2200109 4500001001000000005001700010008004100027245006400068100002400132773013100156999001700287ART_2358820260410161932.0260409a 10aAsignación eficiente en el uso conjunto del agua de riego1 aBertranou, Fabio M.0 tRevista de la Facultad de Ciencias Económicas de la Universidad de Cuyog- Año XXIII, Nº 67/68 (ene./ago. 1971)wREV22981 c28668d28668